| 000 | 02846nam0a2200457 4500 | ||
|---|---|---|---|
| 001 | RU\NLR\bibl\1089616 | ||
| 005 | 20260406003734.0 | ||
| 010 |
_a978-5-482-01453-0 _95000 |
||
| 021 |
_aRU _b2007-25222 _91335 |
||
| 035 | _aRSL-KNO-002590782 | ||
| 035 | _a(NLR Aleph) 001076760 | ||
| 090 |
_a1033101 _c1033101 |
||
| 100 | _a20050401d2007 |||y0rusy50 ca | ||
| 101 | 0 | _arus | |
| 102 | _aRU | ||
| 105 | _aa ||||||||| | ||
| 200 | 1 |
_aФинансы, денежное обращение и кредит _eучебник _eдля студентов высших учебных заведений, обучающихся по специальности: 080105 "Финансы и кредит" _f[В.К. Сенчагов, д.э.н., проф., акад. РАЕН, засл. экономист России, А.И. Архипов, д.э.н., проф., акад. РАЕН, Г.Н. Чубаков, д.э.н., проф. и др.] _gотв. ред.: д.э.н., проф., акад. РАЕН, засл. экономист России В.К. Сенчагов, д.э.н., проф., акад. РАЕН А.И. Архипов] |
|
| 205 | _aИзд. 2-е, перераб. и доп. | ||
| 210 |
_aМосква _cПроспект _d2007 |
||
| 215 |
_a719 с. _cил. _d22 |
||
| 300 | _aАвт. указаны на обороте тит. л. | ||
| 320 | _aБиблиогр. в конце гл. и в подстроч. прим. | ||
| 606 | 1 |
_aФинансы _jУчебники для высших учебных заведений _yРоссийская Федерация _92073627 _3RU\NLR\auth\661248550 |
|
| 606 | 1 |
_aДенежное обращение _jУчебники для высших учебных заведений _yРоссийская Федерация _92077429 _3RU\NLR\auth\661253052 |
|
| 606 | 1 |
_aКредит _jУчебники для высших учебных заведений _yРоссийская Федерация _92097873 _3RU\NLR\auth\661269143 |
|
| 610 | 0 | _aЭкономика -- Российская Федерация -- Финансы -- Учебник для высшей школы | |
| 686 |
_aУ9(2)26я73-1 _2rubbk |
||
| 686 | _aУ26(2)я73 | ||
| 686 | _aУ26(2)26я73 | ||
| 686 | _aУ26(2)22я73 | ||
| 701 | 1 |
_4070 _7ca _8rus _aСенчагов _bВ. К. _f1940- _gВячеслав Константинович _996187 _3RU\NLR\auth\77113262 |
|
| 701 | 1 |
_4070 _7ca _8rus _aАрхипов _bА. И. _cд-р экон. наук _gАнатолий Иванович _963180 _3RU\NLR\auth\7780252 |
|
| 701 | 1 |
_aЧубаков _bГ. Н. _gГенрих Николаевич _4070 |
|
| 801 | 0 |
_aRU _bRuMoRKP _c20050401 _grcr |
|
| 801 | 1 |
_aRU _bRuMoRGB _c20050401 |
|
| 801 | 2 |
_aRU _bNLR _c20050815 _gPSBO |
|
| 830 | _a2-й авт. по ЭК, 3-й авт. по ГАК | ||
| 942 | _cBOOK | ||
| 980 | _aNB | ||